reflecting on the future of academic and public libraries
Saved in:
| Format: | Book |
|---|---|
| Language: | English |
| Published: |
Facet Publishers
2012
|
| Tags: |
Add Tag
No Tags, Be the first to tag this record!
|
MARC
| LEADER | 00000nam a22000007a 4500 | ||
|---|---|---|---|
| 008 | 230619b |||||||| |||| 00| 0 eng d | ||
| 020 | |a 9781856049481 | ||
| 245 | |a reflecting on the future of academic and public libraries |c edited by Peter Hernon and Joseph R. Matthews. |g xiv,242p;ill | ||
| 250 | |c Hernon, Peter | ||
| 250 | |c Matthews, Joseph R. | ||
| 260 | |b Facet Publishers |c 2012 |h London |i 700247 |i 700248 |l Z675.U5 R24 |m Academic libraries- Forecasting |m Public libraries- Forecasting |m Library planning |m Organizational change | ||
| 500 | |a Includes index. | ||
| 942 | |a lcc |c BK |e Johnson |f 19./20/23 | ||
| 952 | |0 0 |1 0 |2 lcc |4 0 |6 Z0675 U5 R24 |7 0 |9 4253 |a ED |b HOL |c QZ |d 2023-06-19 |l 0 |o Z675.U5 R24 |p 2023-0182 |r 2023-06-19 00:00:00 |t 700247 |w 2023-06-19 |y BK | ||
| 952 | |0 0 |1 0 |2 lcc |4 0 |6 Z0675 U5 R24 |7 0 |9 4254 |a HOL |b HOL |c QZ |d 2023-06-19 |l 0 |o Z675.U5 R24 |p 2023-0183 |r 2023-06-19 00:00:00 |t 700248 |w 2023-06-19 |y BK | ||
| 999 | |c 2135 |d 2135 | ||